|
|
|
|
| LEADER |
00000nab a2200000 a 4500 |
| 001 |
vtls000934155 |
| 003 |
SK-MaSNL |
| 005 |
20260304134433.0 |
| 008 |
250505c2004 xo mr|p|||||||000 b|slo |
| 015 |
|
|
|a SNBRB2004/12
|2 snkbucl
|
| 035 |
|
|
|a urn:nbn:sk:snk-ab831e
|
| 035 |
|
|
|a (urnnbn)urn:nbn:sk:snk:ar-006669
|
| 035 |
|
|
|a (uuid)06cef770-a10a-426a-9b05-b02cd3bb4859
|
| 038 |
|
|
|a SNKBUCL
|
| 040 |
|
|
|a SNKBUCL
|b slo
|c SNKBUCL
|e AACR2
|
| 041 |
0 |
|
|a slo
|
| 044 |
|
|
|a xo
|c SK
|
| 080 |
|
|
|a 725.4:663.2
|x (437.6)
|2 1997
|
| 100 |
1 |
|
|a Šulík, Marián,
|d 1951-
|4 aut
|9 1452334
|
| 245 |
1 |
0 |
|a Vinárske závody Mrva & Stanko a tlačiareň DIPS
|c Marián Šulík
|
| 300 |
|
|
|b Fotogr., obr.
|
| 500 |
|
|
|a Architekti: Marián Šulík, Barbora Svatíková, Tomáš Schlögl
|
| 610 |
2 |
7 |
|a Vinárske závody Mrva & Stanko a tlačiareň DIPS (Trnava, Slovensko)
|2 snkbucl
|9 1077665
|
| 650 |
0 |
7 |
|a architektúra
|2 snkbucl
|9 722
|
| 773 |
0 |
|
|t Fórum architektúry
|g Roč. XIV, č. 11 (2004), s. 8-9
|x 1336-0264
|
| 850 |
|
|
|a Slovenská národná knižnica
|
| 852 |
|
|
|a Slovenská národná knižnica
|
| 954 |
|
|
|a odborná, vedecká literatúra pôvodná (slovenská)
|2 lita
|
| 958 |
|
|
|a article9
|
| 958 |
|
|
|a OND
|
| 958 |
|
|
|a EUIPO
|
| 999 |
|
|
|c 2906837
|d 2908767
|